[Event "Cup Independence (open)"]
[Site "Kiev (Ukraine)"]
[Round "5"]
[White "Gordenko Dmitry (UKR)"]
[Black "Artamonova Viktoria (FRA)"]
[Result "1-0"]
[WhiteElo "2345"]
[BlackElo "2188"]

1.d4 d6 2.c4 e5 3.d5 f5 4.e4 fxe4 5.Nc3 Bf5 6.Nge2 Nf6 7.Ng3 Bg6 8.h4 h6 9.Qc2
Nbd7 10.Ncxe4 Nc5 11.Nxd6+ Bxd6 12.Qxg6+ Kf8 13.Be2 Qe8 14.Qc2 e4 15.Be3 Qe5
16.O-O-O Kf7 17.Bd4 Qf4+ 18.Kb1 Rhe8 19.Nf1 a5 20.Ne3 Be7 21.g3 Qd6 22.Nf5 Qd7
23.g4 b6 24.Nxg7 Kxg7 25.g5 Kf8 26.gxf6 Bd6 27.Bh5 {#r} 1-0

[Event "Memorial A. Petrov (open)"]
[Site "St. Petersburg (Russia)"]
[Round "7"]
[White "Pavlov Aleksandr (RUS)"]
[Black "Lukin Andrei M (RUS)"]
[Result "0-1"]
[WhiteElo "2294"]
[BlackElo "2424"]

1.d4 d6 2.c4 e5 3.Nf3 e4 4.Ng5 f5 5.g3 Be7 6.h4 Nf6 7.Nc3 O-O 8.Bg2 c5 9.d5
Na6 10.Qd2 Ng4 11.Nh3 Bf6 12.Nf4 Re8 13.Nd1 Rb8 14.a4 Bd4 15.e3 Bf6 16.Rb1 Nb4
17.b3 Ne5 18.Ba3 Nbd3+ 19.Ke2 a6 20.Nc3 g6 21.Kd1 Qa5 22.Kc2 Nxf2 23.b4 Qc7
24.Qxf2 Nxc4 25.Bc1 cxb4 26.Nfe2 bxc3 27.Nd4 Bd7 {#R} 0-1

[Event "It (open)"]
[Site "Cutro (Italy)"]
[Round "4"]
[White "Todorov Ognjan (BUL)"]
[Black "Lazic Miroljub (SRB)"]
[Result "0-1"]
[WhiteElo "2329"]
[BlackElo "2518"]

1.d4 d6 2.Nf3 Bg4 3.e3 Nd7 4.c4 c6 5.Nc3 Ngf6 6.Be2 e5 7.e4 Bxf3 8.Bxf3 Qb6
9.d5 Qb4 10.Qd3 Nc5 11.Qe2 Nfd7 12.a3 Qb3 13.Be3 Nb6 14.Bxc5 dxc5 15.Rc1 Nxc4
16.O-O Be7 17.Bg4 Rd8 18.Nd1 Nb6 19.dxc6 bxc6 20.Qa6 h5 21.Bh3 Bg5 22.Ra1 O-O
23.Qxa7 Rd2 24.a4 Rfd8 25.a5 Nc4 26.Nc3 Qxb2 {#R} 0-1

[Event "Ch Europe (blitz) (w)"]
[Site "Antalya (Turkey)"]
[Round "29"]
[White "Javakhishvili Lela (GEO)"]
[Black "Zdebskaja Natalia (UKR)"]
[Result "0-1"]
[WhiteElo "2300"]
[BlackElo "2284"]

1.d4 d6 2.Nf3 g6 3.c4 Bg7 4.Nc3 e5 5.dxe5 dxe5 6.e4 c6 7.Be3 f6 8.Na4 Nd7
9.Nc5 Nh6 10.Be2 Nf7 11.Nd3 b6 12.b3 c5 13.b4 cxb4 14.Bxb6 axb6 15.Ndxe5 fxe5
16.Qd6 b5 17.Qxg6 b3 18.Bd3 {#R} 0-1

[Event "It (cat.3)"]
[Site "Clichy (France)"]
[Round "8"]
[White "Foisor Ovidiu Doru (ROM)"]
[Black "Guilbert Herve (FRA)"]
[Result "1-0"]
[WhiteElo "2422"]
[BlackElo "2145"]

1.d4 d6 2.Nf3 g6 3.g3 Bg7 4.c4 Nd7 5.Bg2 e5 6.Nc3 Ne7 7.O-O O-O 8.e4 h6 9.Be3
a6 10.dxe5 dxe5 11.Qc1 Kh7 12.Rd1 f5 13.h4 Qe8 14.Nd5 Nxd5 15.cxd5 Qd8 16.h5
f4 17.hxg6+ Kxg6 18.gxf4 exf4 19.Bxf4 Bxb2 20.Bxc7 Qf6 21.Qc2 Ne5 22.Nxe5+
Bxe5 23.Rab1 Bd4 24.Bg3 Bg4 25.e5+ Bf5 26.Qc7 Rf7 27.exf6 {#r} 1-0

[Event "Czech League 2002/03 (2nd) (c)"]
[Site "Czech Republic"]
[Round "2"]
[White "Galicek Stanislav (CZE)"]
[Black "Orsag Milan (CZE)"]
[Result "0-1"]
[WhiteElo "2176"]
[BlackElo "2392"]

1.d4 d6 2.Nf3 Bg4 3.g3 Bxf3 4.exf3 Nf6 5.Bg2 g6 6.O-O Bg7 7.f4 c6 8.c4 O-O
9.Nc3 e6 10.d5 exd5 11.cxd5 c5 12.Be3 Qd7 13.h3 b5 14.a3 Na6 15.Qe2 Nc7 16.b4
c4 17.a4 a5 18.Rfb1 axb4 19.Rxb4 Nfxd5 20.Nxd5 Nxd5 21.Bxd5 Bxa1 22.axb5 Bc3
23.Rxc4 Ra1+ 24.Kh2 Qxb5 25.Bxf7+ Kg7 26.Be6 Qb1 27.Rc7+ Kh8 {#R} 0-1

[Event "Ch Germany (juniors) (team)"]
[Site "Essen (Germany)"]
[Round "4"]
[White "Zelba Maurizio (GER)"]
[Black "Eisenbeiser Amadeus (GER)"]
[Result "0-1"]
[WhiteElo "2099"]
[BlackElo "2232"]

1.d4 d6 2.c4 e5 3.d5 f5 4.Nf3 Nf6 5.Nc3 Be7 6.Qc2 O-O 7.e3 a5 8.a3 Ne8 9.Rb1
g5 10.Nd2 Rf7 11.b4 axb4 12.axb4 b6 13.Nb3 g4 14.e4 f4 15.Nb5 Bh4 16.c5 bxc5
17.bxc5 g3 18.f3 gxh2+ 19.Kd1 Bg3 20.Bd2 Nd7 21.cxd6 cxd6 22.Bb4 Ndf6 23.Ra1
Rxa1+ 24.Nxa1 Ba6 25.Nxd6 Nxd6 26.Bxa6 Qb6 {#R} 0-1

[Event "Ch Ukraine (team)"]
[Site "Alushta (Russia)"]
[Round "7"]
[White "Derjabin Ilja (UKR)"]
[Black "Gritsak Orest (UKR)"]
[Result "0-1"]
[WhiteElo "2399"]
[BlackElo "2537"]

1.d4 d6 2.c4 e5 3.dxe5 dxe5 4.Qxd8+ Kxd8 5.Nc3 Be6 6.Nf3 f6 7.e4 Nd7 8.Be3 c6
9.O-O-O Kc7 10.Na4 g6 11.Nd2 Bh6 12.Bxh6 Nxh6 13.f3 Nf7 14.b4 a5 15.b5 Nd6
16.Nb3 cxb5 17.cxb5 Nc8 18.Nbc5 Nxc5 19.Nxc5 Re8 20.Kb1 Nd6 21.Rc1 Kd8 22.Be2
Rc8 23.Rhd1 Ke7 24.Kb2 Red8 {#R} 0-1

[Event "Olympiad (w)"]
[Site "Bled (Slovenia)"]
[Round "6"]
[White "Khurtsidze Nino (GEO)"]
[Black "Bosboom-Lanchava Tea (NED)"]
[Result "1-0"]
[WhiteElo "2433"]
[BlackElo "2325"]

1.d4 d6 2.Nf3 g6 3.g3 Bg7 4.Bg2 Nd7 5.c4 e5 6.Nc3 Ne7 7.O-O O-O 8.dxe5 dxe5
9.Qc2 h6 10.Rd1 f5 11.b3 Rf7 12.Bb2 c6 13.Rd2 g5 14.e4 g4 15.Nh4 f4 16.Rad1
Bf6 17.Nf5 Nxf5 18.exf5 f3 19.Bf1 Qe7 20.Ne4 Nf8 21.Rd8 Kh7 22.Nxf6+ Rxf6
23.Qc3 Rxf5 24.Rxc8 Rxc8 25.Bd3 Kg6 26.Qc2 Qf6 27.Bxf5+ Qxf5 28.Rd6+ {#r} 1-0

[Event "Ch Russia (w) (1 liga)"]
[Site "Serpukhov (Russia)"]
[Round "2"]
[White "Popova Elena (RUS)"]
[Black "Lomakina Galja (RUS)"]
[Result "0-1"]
[WhiteElo "2042"]
[BlackElo "2253"]

1.d4 d6 2.c4 e5 3.dxe5 dxe5 4.Qxd8+ Kxd8 5.Nf3 f6 6.Bd2 Be6 7.e3 c6 8.Nc3 Nd7
9.Be2 Kc7 10.O-O g5 11.Rfd1 h5 12.e4 Be7 13.Be3 h4 14.Rac1 g4 15.Ne1 Nh6 16.f4
gxf3 17.Nxf3 Ng4 18.Bd2 Bc5+ 19.Kf1 Rag8 20.Bd3 Nf2 21.Be2 Nxd1 22.Rxd1 Nf8
23.Na4 Be7 24.c5 Ng6 25.Ba5+ Kc8 26.b4 Nf4 {#R} 0-1

[Event "Memorial Stepanov (open)"]
[Site "Krasnodar (Russia)"]
[Round "1"]
[White "Poliakov Yury (RUS)"]
[Black "Tseshkovsky Vitaly (RUS)"]
[Result "0-1"]
[WhiteElo "2263"]
[BlackElo "2578"]

{ Tseshkovsky Vitaly (RUS) +10 =6 -0 } 1.d4 { } d6 2.c4 e5 3.Nf3 e4 4.Nfd2 f5
5.e3 Nf6 { = } 6.Be2 ( 6.Nc3 g6 7.Be2 Bg7 8.b4 O-O 9.Nb3 Be6 10.Qc2 Nbd7
11.Bb2 c6 12.O-O Bf7 13.b5 c5 14.Rfd1 cxd4 15.Rxd4 Ng4 { ...1/2-1/2, Alburt
Lev O(2560) - Zaichik Gennadi(2530), Philadelphia 1993 It (open) } ) 6...c5
7.Nb3 { +0,56 CAP } ( 7.Nc3 Nc6 8.d5 Ne5 9.f4 exf3 10.Nxf3 Nfg4 11.O-O Be7
12.Nxe5 Nxe5 13.e4 O-O 14.Bf4 Ng6 15.exf5 Nxf4 16.Rxf4 Bxf5 { ...1/2-1/2,
Lputian Smbat G(2540) - Lukin Andrei M(2430), Blagovescensk 1988 Ch URS (qual)
} ) ( 7.d5 g6 8.b3 Bg7 9.Bb2 O-O 10.Nc3 a6 11.Qc2 Nbd7 12.h3 Ne5 13.a3 Qe7
14.b4 b6 15.b5 f4 16.O-O-O fxe3 { ...0-1, Jouravljev Anatoly(2300) - Okhotnik
Vladimir(2440), Cappelle la Grande 1993 It (open) } ) 7...Be6 { N } ( 7...Nc6
8.Nc3 Be7 9.O-O ( 9.dxc5 dxc5 10.Qxd8+ Nxd8 11.f4 exf3 12.Bxf3 Nc6 13.Na4 Ne5
14.Nbxc5 Nxf3+ 15.gxf3 b6 16.Nd3 Bb7 17.Ke2 { ...0-1, Mahn Franko(2191) -
Tischbierek Raj(2544), Bad Woerishofen 1999 It (open) } ) 9...O-O 10.f3 (
10.Nd5 b6 11.Bd2 Bb7 12.Nf4 Qc8 13.h4 cxd4 14.exd4 Qd7 15.Rc1 d5 16.cxd5 Nb4
17.Bxb4 { ...1-0, Damm Fabian(2240) - Weil Volker(2240), Wiesbaden 1990 It
(open) } ) 10...Qe8 11.Nd5 cxd4 12.fxe4 d3 13.Nxf6+ Bxf6 14.Qxd3 Qxe4 15.Qxd6
Rd8 16.Qf4 Qxf4 17.exf4 { ...0-1, Mishra Neeraj-Kumar(2315) - Norwood
David(2495), Dhaka 1993 It } ) 8.Nc3 Nbd7 9.O-O Rc8 10.dxc5 dxc5 11.Nb5 a6
12.Nd6+ Bxd6 13.Qxd6 Qe7 14.Qxe7+ Kxe7 15.f4 exf3 16.gxf3 Ne5 17.Nd2 Rhd8
18.b3 Nd3 19.Rd1 b5 20.cxb5 axb5 21.Nf1 c4 22.bxc4 bxc4 23.Bxd3 { } ( 23.a4 {
!? } 23...Rb8 24.a5 Nxc1 25.Rdxc1 { } ) 23...cxd3 24.Bd2 Rc2 25.a4 g5 { } (
25...Bd5 { !? } 26.Ba5 Rb8 27.Rxd3 Bxf3 { } ) 26.Ra3 Kf7 27.Ba5 Ra8 { } {#R}
0-1

[Event "It (cat.16)"]
[Site "Sarajevo (Bosnia & Herzegovina)"]
[Round "9"]
[White "Radjabov Teimour (AZE)"]
[Black "Dizdarevic Emir (CRO)"]
[Result "1-0"]
[WhiteElo "2624"]
[BlackElo "2502"]

1.d4 { } d6 2.c4 e5 3.d5 f5 4.e4 Nf6 ( 4...fxe4 5.Nc3 Nf6 6.Nge2 Bf5 7.Ng3 Bg6
8.Bg5 Be7 9.h4 h5 10.Bxf6 Bxf6 11.Be2 e3 12.Bxh5 exf2+ 13.Kf1 Bxh5 14.Nxh5 Nd7
15.Ne4 Qe7 16.Qg4 O-O-O 17.Rc1 Qf7 18.Nhg3 Kb8 19.Rc2 Nb6 20.b3 c6 21.Nf5 cxd5
22.Nexd6 Qe6 23.c5 Nc8 24.Qb4 Nxd6 25.Nxd6 Rd7 26.Rxf2 Be7 27.Nf5 Rc8 28.Nxe7
Qxe7 29.Rc2 d4 30.Rh3 e4 31.Qc4 d3 32.Rd2 Rxc5 33.Qg8+ Rc8 34.Qh7 e3 35.Rxd3
e2+ { 0-1, Danner Georg (AUT) - Yrjola Jouni (FIN), Batumi (Georgia) 1999 } )
5.exf5 ( 5.Nc3 Nxe4 6.Nxe4 fxe4 7.Ne2 Be7 8.Ng3 O-O 9.Nxe4 Bf5 10.Bd3 Nd7
11.Be3 Bxe4 12.Bxe4 Bg5 13.Qh5 Nf6 14.Qxg5 Nxe4 15.Qxd8 Raxd8 16.Ke2 a5
17.Rhc1 b6 18.b3 Ra8 19.Rab1 Kf7 20.a3 Ke7 21.Rb2 h6 22.h3 Kd7 23.Rbc2 Nf6
24.Kd3 Rfb8 25.f4 exf4 26.Bxf4 Re8 27.Re2 Rxe2 28.Kxe2 a4 29.b4 b5 30.Kd3 {
1/2-1/2, Alburt Lev O (USA) - Miles Anthony J (ENG), USA 1988 } ) 5...Bxf5
6.Nc3 Na6 { N } ( 6...Be7 7.Nge2 O-O 8.Ng3 Bg6 9.Bd3 Bxd3 ( 9...Qe8 10.O-O
Nbd7 11.Bg5 a5 12.Bxf6 Bxf6 13.Bxg6 Qxg6 14.Nge4 Be7 15.Qe2 Rf4 16.f3 Raf8
17.a3 Bd8 18.b4 c6 19.dxc6 bxc6 20.Rad1 Bb6+ 21.c5 dxc5 22.bxa5 Bxa5 23.Rxd7
Qe6 24.Rb7 { 1-0, Zhukova Natalia (UKR) - Sheremetieva Marina (MDA), Romania
2001 } ) 10.Qxd3 Nbd7 11.O-O Qe8 12.Be3 a6 13.b4 Nh5 14.Nxh5 Qxh5 15.Ne4 Nf6
16.f3 Nxe4 17.fxe4 a5 18.Rxf8+ Bxf8 19.bxa5 Rxa5 20.a4 b6 21.h3 Be7 22.Kh2 Bg5
23.Bf2 Qf7 24.Ra2 Ra8 25.h4 Bf4+ 26.Kg1 Qd7 27.g3 Bh6 28.Qd1 Qh3 29.Ra3 g6
30.c5 dxc5 31.d6 Rd8 32.Qb3+ Kg7 33.dxc7 Rd2 34.Qf3 Qd7 35.a5 bxa5 36.Bxc5
Rd1+ 37.Kf2 Rd2+ 38.Ke1 Kg8 39.Rxa5 Qc6 40.Qb3+ Kg7 41.Qf3 Kg8 42.Qg4 Rd7
43.Qxd7 Qxd7 44.Ra8+ Kf7 45.c8=Q Qd2+ 46.Kf1 Qd3+ 47.Kf2 Qd2+ 48.Kf1 Qd3+
49.Kf2 Qd2+ 50.Kf1 { 1/2-1/2, Danner Georg (AUT) - Moran Augusto (ECU),
Yerevan (Armenia) 1996 } ) 7.Nge2 Ne4 ( 7...c6 8.Ng3 Bg4 9.Be2 Bxe2 10.Qxe2
cxd5 11.cxd5 Be7 12.O-O { 1/2-1/2, Tyomkin Dimitri(2496) - Kogan Artur(2468),
Salou 2000 It (a) } ) 8.Nxe4 Bxe4 9.Ng3 Bg6 10.Bd3 Bxd3 11.Qxd3 Nc5 12.Qc2 Be7
13.Be3 Nd7 14.Qf5 Nf6 15.O-O Qd7 16.f4 exf4 ( 16...g6 { !? } ) 17.Bxf4 (
17.Qxf4 { !? } ) 17...g6 ( 17...O-O { !? } ) 18.Qd3 O-O 19.Rae1 Ne8 ( 19...Ng4
{ !? } ) 20.Bh6 Rxf1+ 21.Rxf1 Ng7 22.Qd4 Bd8 23.Qf4 Qe8 24.c5 { DA } 24...dxc5
{ ? } ( 24...Be7 25.Qd4 Bf8 26.cxd6 cxd6 { +1,50 } 27.Ne4 Qe5 28.Qxe5 dxe5
29.g4 { ? } ) 25.d6 cxd6 26.Qc4+ Kh8 27.Qc3 {#r} 1-0

[Event "Ch France (team) 2002"]
[Site "France"]
[Round "3"]
[White "Touzane Olivier (FRA)"]
[Black "Gachon Lionel (FRA)"]
[Result "0-1"]
[WhiteElo "2333"]
[BlackElo "2241"]

1.d4 d6 2.c4 e5 3.Nf3 e4 4.Ng5 f5 5.g3 c6 6.Nc3 Be7 7.h4 Nf6 8.Nh3 O-O 9.Qb3
Na6 10.Bf4 Nc7 11.O-O-O Kh8 12.h5 a6 13.h6 g6 14.d5 c5 15.Na4 b5 16.Nxc5 bxc4
17.Qxc4 Nb5 18.Nb3 Bb7 19.Kb1 Rc8 20.Qb4 Nxd5 21.Qd2 e3 22.fxe3 Ndc3+ 23.bxc3
Nxc3+ 24.Ka1 Nxd1 25.Rg1 Bf6+ 26.Nd4 Qa5 27.Qxd1 Qc3+ {#R} 0-1

[Event "It (open)"]
[Site "Cullera (Spain)"]
[Round "4"]
[White "Tello Nunez Alejandro (ESP)"]
[Black "Toledano Llinares Juan A (ESP)"]
[Result "0-1"]
[WhiteElo "2187"]
[BlackElo "2357"]

1.d4 d6 2.Nf3 Bg4 3.c4 Nd7 4.e4 g6 5.Be2 Bg7 6.Nc3 e5 7.d5 Ne7 8.h3 Bxf3
9.Bxf3 f5 10.exf5 gxf5 11.Bh5+ Ng6 12.g4 f4 13.Qc2 O-O 14.Bxg6 hxg6 15.Qxg6 e4
16.O-O Qh4 17.Nxe4 Rae8 18.Ng5 Ne5 19.Qh5 Qxg5 20.Qxg5 {#R} 0-1

[Event "Ch Canada"]
[Site "Richmond (Canada)"]
[Round "4"]
[White "Sokourinski Sergei (CAN)"]
[Black "Ross David (CAN)"]
[Result "0-1"]
[WhiteElo "2166"]
[BlackElo "2318"]

1.d4 d6 2.g3 Nf6 3.Bg2 c6 4.Nf3 Nbd7 5.O-O e5 6.e3 Be7 7.c4 Qc7 8.Nc3 O-O
9.Qc2 Re8 10.b3 Bf8 11.dxe5 dxe5 12.e4 b5 13.cxb5 cxb5 14.Qb2 b4 15.Nd5 Nxd5
16.exd5 Bb7 17.Rd1 Nf6 18.Nh4 e4 19.Bf4 Qd7 20.d6 Nd5 21.Rac1 Nxf4 22.gxf4 Qg4
23.Qd4 Qxh4 24.Rc7 Ba6 25.Qd5 Qxf4 26.Rd4 Bd3 27.h3 Rad8 28.Rc6 Re5 {#R} 0-1

[Event "It (open)"]
[Site "Cullera (Spain)"]
[Round "6"]
[White "Vera Reynaldo (CUB)"]
[Black "Villalba Izquierdo Pere (ESP)"]
[Result "1-0"]
[WhiteElo "2549"]
[BlackElo "2164"]

1.d4 d6 2.Nf3 Bg4 3.c4 Bxf3 4.exf3 g6 5.Nc3 Bg7 6.Be3 c6 7.Be2 e6 8.Qb3 b6
9.d5 exd5 10.cxd5 c5 11.Bb5+ Kf8 12.O-O-O a6 13.Bc6 Ra7 14.Ne4 Ne7 15.Bf4 Nc8
16.Rhe1 f6 17.Nxc5 bxc5 18.Re8+ {#r} 1-0

[Event "Staatsliga 2001/02"]
[Site "Austria"]
[Round "7"]
[White "Lipinsky Fabian (GER)"]
[Black "Tischbierek Raj (GER)"]
[Result "0-1"]
[WhiteElo "2387"]
[BlackElo "2506"]

1.d4 d6 2.Nf3 Bg4 3.e4 Nf6 4.h3 Bxf3 5.Qxf3 Nc6 6.d5 Ne5 7.Qb3 Qc8 8.Be3 g6
9.g4 Bg7 10.g5 Nh5 11.Be2 O-O 12.Nd2 c6 13.Bxh5 gxh5 14.f4 Nd7 15.c3 b5 16.Bd4
Nc5 17.Qc2 cxd5 18.Bxg7 Kxg7 19.exd5 Qb7 20.Qf5 e6 21.Qf6+ Kg8 22.Rg1 Qxd5
23.g6 Qxd2+ {#R} 0-1

[Event "It (open)"]
[Site "Salzburg (Austria)"]
[Round "3"]
[White "Kunin Vitaly (GER)"]
[Black "Ljubic Juro (AUT)"]
[Result "1-0"]
[WhiteElo "2476"]
[BlackElo "2281"]

1.d4 d6 2.Nf3 Bg4 3.e3 Nd7 4.Be2 e5 5.dxe5 dxe5 6.Nxe5 Bxe2 7.Qxd7+ Qxd7
8.Nxd7 Ba6 9.Nxf8 Kxf8 10.b3 b6 11.Ba3+ c5 12.c4 Rd8 13.Nc3 Nf6 14.Ke2 Bb7
15.f3 Ke7 16.Rhd1 Bc6 17.e4 Rhe8 18.Bb2 Rxd1 19.Rxd1 Rd8 20.Rxd8 Kxd8 21.Nb5
Bxb5 22.Bxf6+ gxf6 23.cxb5 Kc7 24.Ke3 a6 25.bxa6 b5 26.a4 {#r} 1-0

[Event "Olympiad"]
[Site "Bled (Slovenia)"]
[Round "6"]
[White "Vakhidov Tahir (UZB)"]
[Black "Fernando Diogo (POR)"]
[Result "1-0"]
[WhiteElo "2546"]
[BlackElo "2423"]

1.d4 d6 2.Nf3 Bg4 3.e4 Nf6 4.Nbd2 Nbd7 5.c3 c6 6.Qc2 e5 7.dxe5 dxe5 8.Be2 Be7
9.O-O O-O 10.Nc4 Re8 11.Ne3 Bxf3 12.Bxf3 g6 13.Rd1 Qc7 14.Ng4 Nxg4 15.Bxg4 Nf8
16.Be3 h5 17.Be2 b6 18.g3 Ne6 19.Bc4 Bc5 20.Bxe6 Bxe3 21.Rd7 Bf4 22.Kg2 Be3
23.Kg1 {#r} 1-0

[Event "It (cat.8)"]
[Site "Belgrade (Yugoslavia)"]
[Round "8"]
[White "Milanovic Danilo (SRB)"]
[Black "Popchev Milko (BUL)"]
[Result "1-0"]
[WhiteElo "2429"]
[BlackElo "2453"]

1.d4 d6 2.Nf3 Bg4 3.e4 c6 4.h3 Bh5 5.c4 Nf6 6.Nc3 e6 7.d5 Be7 8.dxe6 fxe6 9.e5
dxe5 10.Qxd8+ Bxd8 11.g4 e4 12.Ng5 Bg6 13.Nxe6 Nbd7 14.Bf4 Ke7 15.Nxg7 Rg8
16.Nf5+ Bxf5 17.gxf5 Bb6 18.O-O-O Bxf2 19.Bd6+ Kf7 20.c5 b5 21.cxb6 Nxb6
22.Be2 Rg2 23.Kb1 Re8 24.Rh2 Rxh2 25.Bxh2 Rg8 26.Rd6 Rg2 27.Be5 Nbd7 28.Bc4+
{#r} 1-0

[Event "It (open)"]
[Site "Bled (Slovenia)"]
[Round "5"]
[White "Jelen Igor (SLO)"]
[Black "Grosar Aljosa (SLO)"]
[Result "0-1"]
[WhiteElo "2372"]
[BlackElo "2453"]

1.d4 d6 2.Nf3 Bg4 3.c4 Nd7 4.Qb3 Rb8 5.g3 Bxf3 6.Qxf3 g6 7.Nc3 Bg7 8.e3 c5
9.d5 Ngf6 10.Bg2 a6 11.Qe2 b5 12.O-O Qa5 13.f4 O-O 14.e4 Ne8 15.Bh3 Nb6
16.cxb5 axb5 17.Nxb5 Na4 18.Bd7 c4 19.Bd2 Qa6 20.Qxc4 Nxb2 21.Qe2 Nc7 22.Bc3
Na4 23.Bxg7 Kxg7 24.Rab1 Nxb5 25.Bxb5 Qa7+ 26.Rf2 Nc3 27.Qb2 Rfc8 28.a4 Kg8
{#R} 0-1

[Event "Ch France (seniors)"]
[Site "Val d'Isere (France)"]
[Round "3"]
[White "Renault Jean-Pierre (FRA)"]
[Black "Weill Roland (FRA)"]
[Result "1-0"]
[WhiteElo "2020"]
[BlackElo "2212"]

1.d4 d6 2.Nf3 g6 3.g3 Bg7 4.Bg2 Nd7 5.O-O e5 6.dxe5 dxe5 7.c3 Ngf6 8.Qc2 O-O
9.Rd1 Qe7 10.Bg5 h6 11.Bc1 Nc5 12.Be3 Ng4 13.Bxc5 Qxc5 14.e4 f5 15.Rd2 fxe4
16.Qxe4 Bf5 17.Qe1 Rae8 18.Nh4 e4 19.Nxf5 Rxf5 20.Re2 Ref8 21.Nd2 Nxf2 22.Re3
Ng4 23.Nf1 Rxf1+ 24.Bxf1 Nxe3 {#r} 1-0

[Event "It (open)"]
[Site "Bergen (Norway)"]
[Round "5"]
[White "Valaker Ole J (NOR)"]
[Black "Holder Hovard (NOR)"]
[Result "1-0"]
[WhiteElo "2202"]
[BlackElo "2058"]

1.d4 d6 2.g3 g6 3.Bg2 Bg7 4.c4 Nc6 5.d5 Ne5 6.Nc3 Nf6 7.f4 Ned7 8.Be3 O-O
9.Nf3 e5 10.dxe6 fxe6 11.Qd3 Qe7 12.Ng5 Nb8 13.O-O Nc6 14.Rad1 Bd7 15.Nb5 Rac8
16.c5 d5 17.Nd4 e5 18.Nxc6 bxc6 19.b4 Ng4 20.Bc1 h6 21.Nh3 exf4 22.Nxf4 Bf5
23.Nxg6 Qe6 24.Rxf5 Rxf5 25.Qxf5 Qxf5 26.Ne7+ {#r} 1-0

[Event "It (cat.8)"]
[Site "Novaya Ladoga (Russia)"]
[Round "2"]
[White "Novik Maxim (RUS)"]
[Black "Komliakov Viktor (MDA)"]
[Result "1-0"]
[WhiteElo "2527"]
[BlackElo "2443"]

1.d4 d6 2.c4 e5 3.Nf3 e4 4.Ng5 f5 5.g3 Be7 6.Nh3 Nf6 7.Bg2 c6 8.d5 Nbd7 9.Nc3
Ne5 10.Qb3 Nfd7 11.Be3 g5 12.Rd1 c5 13.O-O Nb6 14.f3 Nexc4 15.Bc1 exf3 16.exf3
O-O 17.Rfe1 Bf6 18.f4 h6 19.a4 g4 20.Nf2 Bd4 21.Qc2 Bg7 22.b3 Na5 23.Bb2 Nd7
24.Re6 Nf6 25.Qxf5 Nxb3 26.Nb5 a6 27.Nxg4 axb5 28.Nxf6+ {#r} 1-0

[Event "It (open)"]
[Site "Saint-Quentin (France)"]
[Round "8"]
[White "Gaillard Michel (FRA)"]
[Black "Etrog Jonathan (FRA)"]
[Result "1-0"]
[WhiteElo "2089"]
[BlackElo "2082"]

1.d4 d6 2.Nf3 Nd7 3.e4 Ngf6 4.e5 dxe5 5.dxe5 Ng4 6.Bf4 g6 7.h3 Nh6 8.Bc4 Nb6
9.Qxd8+ Kxd8 10.Bb3 Ke8 11.Nc3 c6 12.O-O-O Bd7 13.g4 c5 14.Nd2 Bc6 15.Rhg1 Ng8
16.e6 f6 17.Be3 Rd8 18.Nc4 Bh6 19.f4 Bd5 20.Nxb6 Bxb3 21.cxb3 axb6 22.Nb5 Rc8
23.Rd7 c4 24.b4 c3 25.bxc3 Rc4 26.Rgd1 Kf8 27.g5 {#r} 1-0

[Event "It (open)"]
[Site "Graz (Austria)"]
[Round "8"]
[White "Kainz Josef (AUT)"]
[Black "Watzka Horst (AUT)"]
[Result "0-1"]
[WhiteElo "2092"]
[BlackElo "2337"]

1.d4 d6 2.Bg5 c5 3.e4 cxd4 4.Qxd4 Nc6 5.Qc3 Bd7 6.Bc4 Qc7 7.Nf3 Rc8 8.O-O Nf6
9.Re1 h6 10.Bh4 g5 11.Bg3 e5 12.Qb3 Na5 13.Bxf7+ Ke7 14.Qe3 Kxf7 15.b4 Nc4
16.Qxa7 Bg7 17.Bxe5 dxe5 18.Nc3 Ra8 19.Nxe5+ Qxe5 20.Qxb7 Rhb8 21.f4 Qxc3
22.Qc7 Rc8 23.Qb7 Qd4+ 24.Kh1 Rab8 25.Qa6 Nxe4 {#R} 0-1

[Event "It (open)"]
[Site "Oslo (Norway)"]
[Round "3"]
[White "Glenne Bjorn Erik (NOR)"]
[Black "Martinsen Stig K (NOR)"]
[Result "0-1"]
[WhiteElo "2203"]
[BlackElo "2085"]

1.d4 d6 2.Bg5 h6 3.Bh4 g5 4.Bg3 Bg7 5.e4 c5 6.Bb5+ Bd7 7.Bxd7+ Nxd7 8.Ne2 cxd4
9.Nxd4 Qb6 10.Nf5 Qxb2 11.Nxg7+ Qxg7 12.Nd2 Ngf6 13.O-O O-O {#R} 0-1

[Event "Ch Europe (juniors) (under 18)"]
[Site "Peniscola (Spain)"]
[Round "1"]
[White "Chapar Sergey (RUS)"]
[Black "Nyback Tomi (FIN)"]
[Result "0-1"]
[WhiteElo "2267"]
[BlackElo "2458"]

1.d4 d6 2.Nf3 Bg4 3.c4 Nd7 4.Qb3 Rb8 5.g3 e5 6.dxe5 dxe5 7.h3 Be6 8.Qc2 Ne7
9.Bg2 Nc6 10.O-O Be7 11.e4 O-O 12.Rd1 Qc8 13.b3 f5 14.Nc3 Nc5 15.Nd5 Bd6 16.b4
Bxd5 17.exd5 Nxb4 18.Qc3 Nbd3 19.Be3 e4 20.Bxc5 Nxc5 21.Nd2 f4 22.Nxe4 Nxe4
23.Bxe4 fxg3 24.fxg3 Qxh3 {#R} 0-1

[Event "It (open)"]
[Site "Glenrothes (Scotland)"]
[Date "2002.03.02"]
[Round "4"]
[White "Mitchell Martin (SCO)"]
[Black "Robertson Ian C (SCO)"]
[Result "1-0"]
[WhiteElo "2132"]
[BlackElo "2182"]

1.d4 d6 2.c4 e5 3.Nf3 exd4 4.Nxd4 g6 5.g3 d5 6.Qa4+ c6 7.Bg2 dxc4 8.Qxc4 Bg7
9.Nf3 Ne7 10.O-O O-O 11.Nc3 Qb6 12.Qh4 Nf5 13.Qf4 Na6 14.Rd1 Nb4 15.e4 Bh6
16.Ng5 Nc2 17.exf5 Nxa1 18.Qh4 Bxg5 19.Bxg5 Bxf5 20.Bh6 f6 21.Bxf8 Qxb2 22.Be7
{#r} 1-0

[Event "It (open)"]
[Site "Nyiregyhaza (Hungary)"]
[Date "2002.07.05"]
[Round "7"]
[White "Emodi Barnabas (HUN)"]
[Black "Okhotnik Vladimir (FRA)"]
[Result "0-1"]
[WhiteElo "2364"]
[BlackElo "2453"]

1.d4 d6 2.Nf3 Bg4 3.e4 Nf6 4.Nc3 e6 5.Be2 Be7 6.O-O O-O 7.Be3 d5 8.e5 Nfd7
9.Na4 a6 10.b3 b5 11.Nb2 c5 12.c4 bxc4 13.bxc4 cxd4 14.Bxd4 Nb6 15.Rc1 dxc4
16.Nxc4 Nd5 17.Ne3 Bh5 18.Nxd5 Qxd5 19.Qb3 Qxb3 20.axb3 Nd7 21.Rc7 Rfd8 {#R}
0-1

[Event "It (open)"]
[Site "Debrecen (Hungary)"]
[Date "2002.10.19"]
[Round "5"]
[White "Hegedus Gyorgy (HUN)"]
[Black "Sorin Samu"]
[Result "0-1"]
[WhiteElo "2099"]
[BlackElo "2127"]

1.d4 d6 2.Bg5 f6 3.Bh4 Be6 4.e3 Bf7 5.d5 c6 6.dxc6 bxc6 7.Nf3 Qb6 8.Qc1 Nd7
9.Nbd2 a5 10.Be2 h5 11.Bg3 Nh6 12.h3 Nf5 13.Bh2 g5 14.c3 e5 15.Bd3 Ng7 16.Qc2
Rh6 17.h4 g4 18.Ng1 Nc5 19.b3 a4 20.b4 Nxd3+ 21.Qxd3 Bg6 22.e4 d5 23.Qe2 Ne6
24.f3 gxf3 25.Ngxf3 d4 26.Nc4 Qb8 27.a3 dxc3 28.Qe3 {#R} 0-1

[Event "Ch NATO"]
[Site "Hoevelte (Denmark)"]
[Round "2"]
[White "Skindzier Saturnin (POL)"]
[Black "Patron Pascal (FRA)"]
[Result "1-0"]
[WhiteElo "2240"]
[BlackElo "2041"]

1.d4 d6 2.c4 g6 3.Nc3 Bg7 4.Bg5 Nf6 5.Qd2 h6 6.Bh4 Na6 7.e4 c5 8.d5 Nc7 9.f4
a6 10.a4 b6 11.Be2 Rb8 12.Nf3 O-O 13.e5 dxe5 14.fxe5 Nh7 15.d6 Ne6 16.Nd5 g5
17.dxe7 {#r} 1-0